Dans quel endroit des jeux Pokémon est-on ? - Statistiques

Statistiques générales
  • Ce quiz a été pris 17 fois
  • Le résultat moyen est 14 sur 32
Statistiques - réponses
Par images Réponse % Correct
Arène de Frimapic
81%
Colonnes Lances
81%
Monde Distorsion
81%
Phare d'Oliville
81%
Parc Safari
69%
Arène d'Ecorcia
63%
Aquatube
56%
Ultra-Mégalopole
56%
Grand Marais
50%
Grotte Miroitante
50%
Rotombourg
50%
Tourb'Iles
50%
Vieux Château
50%
Mont Nappé
44%
Paradis Aether
44%
Parc Naturel
44%
Pont du Hameau
44%
Tour des Cieux
44%
Village Pokémon
44%
Forêt de Sleepwood
38%
Lavandia Sea
38%
Maison des Pièges
38%
Musée Océanographique
38%
Hameau Diamant
31%
Jungle Sombrefeuille
31%
Ruines d'Alpha
31%
Hameau Gelé
25%
Ruines des Abysses
25%
Académie de Paldea
13%
Arcade de Combat
13%
Siège du Groupe Galaxie
13%
Bâtiment Galaxie de Voilaroc
6%
Aucun quiz correspondant
Distribution des résultats
% des personnes avec chaque résultat
Percentile par nombre de réponses
Votre historique - résultats
Vous n’avez pas pris ce quiz